000 00949nam a22002297a 4500
999 _c61730
_d61730
005 20240423103347.0
008 240423s2009 enk||||| |||| 00| 0 eng d
020 _a9780071447874x
041 _aeng
080 _a616-61 C-95
245 _aCURRENT Diagnosis & Treatment Nephrology & Hypertension /
_cEdited Edger Lerma, Jeffrey S. Berns, Allen R. Nissenson.
264 _aNew York :
_bMcGraw Hill,
_c2009.
300 _a574 p.:
_bill.;
_c24 cm.
653 _aნეფროლოგია
653 _aდიაგნოსტიკა და მკურნალობა
653 _aნეფროლოგია და ჰიპერტენზია
653 _aმედიცინა
700 _aLerma, Edger
_eრედაქტორი
_921914
700 _aBerns, Jeffrey S.
_eრედაქტორი
_921915
700 _aNissenson, Allen R.
_eრედაქტორი
_921916
942 _2udc
_cᲬᲘᲒᲜᲘ